La presse belge et ses dates - Statistiques

Statistiques générales
  • Ce quiz a été pris 3 fois
  • Le résultat moyen est 13 sur 23
Statistiques - réponses
Hint Réponse % Correct
Nieuw Tijd, organe bimensuel anversois créé par Abraham Veroeven. 1605
67%
Première gazette : Le courier véritable des Pays-Bas 1649
67%
Apparition de journaux d’opposition avec Guillaume d’orange 1820
67%
Création du Courier de l’Escaut, quotidien catholique tournaisien toujours en activité aujourd’hui 1829
67%
Apparition du ndls unifié. 1840
67%
Suppression du droit de timbre 1848
67%
Essor de la presse qui mène à son âge d’or. 1850
67%
Création Libre Belgique (tendance catholique) + Vooruit (socialiste flamand) 1884
67%
Le Peuple (organe du POB ; socialiste) 1885
67%
Le Soir (neutre, laisse une grande place au fait divers) 1887
67%
Het Laaste Nieuws (Libéral) 1888
67%
Dernière Heure (utilisation massive de la photographie, laisse une grande place au sport) 1906
67%
De Standaard (catholique flamand) 1914
67%
Drapeau Rouge (communiste) 1921
67%
Genz-Echo (germanophone) 1927
67%
Essor de tv ; fin de l’âge d’or de la presse papier 1960
67%
Apparition du Soir sur le web 1988
67%
Disparition du drapeau rouge 1990
67%
Le faux soir (DD/MM/YYYY) 10 novembre 1943
33%
Het Volk (chrétien de gauche) 1891
33%
Le pays réel (organe de presse de Léon Degrelle avec une chute en 1937) 1936
33%
Apparition de De Tijd sur le web 1995
33%
Premiers journaux télévisés (Mot + date) Milieu 1950
0%
Aucun quiz correspondant
Distribution des résultats
% des personnes avec chaque résultat
Percentile par nombre de réponses
Votre historique - résultats
Vous n’avez pas pris ce quiz